| 000 | 00738nam a22002297a 4500 | ||
|---|---|---|---|
| 999 |
_c64565 _d64565 |
||
| 005 | 20240530110738.0 | ||
| 008 | 180904s2007 ua a g b 000 0 ara d | ||
| 017 |
_bمصر. دار الكتب _a2005/7915 |
||
| 020 | _a9773459322 | ||
| 040 |
_aEG-CaGPL _cEG-CaGPL |
||
| 082 | 0 | 4 |
_221 _a212 \ _bأ إ |
| 100 | 0 | _aاحمد عمر هاشم | |
| 245 | 1 | 2 |
_aالاسلام دين التسامح / _cاحمد عمر هاشم |
| 250 | _aط.1 | ||
| 260 |
_aالقاهرة : _bدار الفاروق للنشر والتوزيع، _c2005 . |
||
| 300 |
_a64 ص. ؛ _c24 سم. |
||
| 650 | 0 | 7 |
_2qrmak _aالتسامح |
| 650 | 0 | 7 |
_aالاسلام _2qrmak |
| 651 | _2qrmak | ||
| 942 |
_2ddc _cBK |
||